Una historia de El País y del Grupo Prisa /
Reconstrucción de la historia del famoso diario español El País y del grupo mediático y editorial que se ha desarrollado en torno a él, desde la gestación misma del proyecto en los últimos años del franquismo. Da cuenta, por supuesto, del papel central jugado por el periódico en la construcción y co...
Gespeichert in:
| 1. Verfasser: | |
|---|---|
| Weitere Verfasser: | |
| Format: | Buch |
| Sprache: | Spanisch |
| Veröffentlicht: |
Barcelona, España :
Plaza y Janés,
2004, c2004
|
| Schlagworte: | |
| Tags: |
Keine Tags, Fügen Sie das erste Tag hinzu!
|
MARC
| LEADER | 00000nam^a2200000^a^4500 | ||
|---|---|---|---|
| 001 | 000177511 | ||
| 005 | 20250521000000.0 | ||
| 009 | 20260310101718.231 | ||
| 020 | |a 84-01-37894-X | ||
| 037 | |a Acervo ITESO - Biblioteca | ||
| 041 | |a ESP | ||
| 082 | |a 302. 2310946 |b SEO | ||
| 100 | |a Seoane, María Cruz |e (autor) | ||
| 245 | 1 | 4 | |a Una historia de El País y del Grupo Prisa / |c M.C. Seoane, S. Sueiro Seoane. |
| 264 | 4 | |a Barcelona, España : |b Plaza y Janés, |c 2004, c2004 | |
| 300 | |a 703 p. | ||
| 336 | |a texto |b txt |2 rdacontenido | ||
| 337 | |a sin mediación |b n |2 rdamedio | ||
| 338 | |a volumen |b nc |2 rdasoporte | ||
| 520 | |a Reconstrucción de la historia del famoso diario español El País y del grupo mediático y editorial que se ha desarrollado en torno a él, desde la gestación misma del proyecto en los últimos años del franquismo. Da cuenta, por supuesto, del papel central jugado por el periódico en la construcción y consolidación de la democracia española. | ||
| 649 | |a XX | ||
| 650 | |a Periódicos - |z España - |x Historia - |y Juan Carlos I, 1975-2014 - |x Tema Principal | ||
| 650 | |a Periódicos - |z España - |x Historia - |y Siglo XX | ||
| 650 | |a Periódicos - |z España - |x Historia - |y Siglo XXI | ||
| 650 | |a Periodismo - |z España - |x Historia - |y Juan Carlos I, 1975-2014 - |x Tema Principal | ||
| 650 | |a Periodismo - |z España - |x Historia - |y Siglo XX | ||
| 650 | |a Periodismo - |z España - |x Historia - |y Siglo XXI | ||
| 650 | |a Publicaciones Periódicas Españolas - |x Historia y Crítica | ||
| 650 | |a Prensa - |z España - |x Historia - |y Juan Carlos I, 1975-2014 | ||
| 650 | |a Medios Impresos - |z España - |x Historia - |y Juan Carlos I, 1975-2014 | ||
| 650 | |a Industria Editorial - |z España - |x Historia - |y Juan Carlos I, 1975-2014 | ||
| 650 | |a Medios de Comunicación - |z España - |x Historia - |y Juan Carlos I, 1975-2014 | ||
| 650 | |a Comunicación y Democracia - |z España - |x Historia - |y Juan Carlos I, 1975-2014 | ||
| 650 | |a Comunicación y Política - |z España - |x Historia - |y Franquismo, 1939-1975 | ||
| 650 | |a Comunicación y Política - |z España - |x Historia - |y Juan Carlos I, 1975-2014 | ||
| 650 | |a Comunicación Masiva - |z España - |x Historia - |y Franquismo, 1939-1975 | ||
| 650 | |a Comunicación Masiva - |z España - |x Historia - |y Juan Carlos I, 1975-2014 | ||
| 650 | |a Política - |z España - |x Historia - |y Franquismo, 1939-1975 | ||
| 650 | |a Política - |z España - |x Historia - |y Juan Carlos I, 1975-2014 | ||
| 650 | |a Política - |z España - |x Historia - |y Siglo XX | ||
| 650 | |a España - |x Historia - |y Franquismo, 1939-1975 | ||
| 650 | |a España - |x Historia - |y Juan Carlos I, 1975-2014 | ||
| 650 | |a España - |x Historia - |y Siglo XX | ||
| 650 | |a España - |x Condiciones Políticas | ||
| 650 | |a España - |x Condiciones Sociales y Culturales | ||
| 650 | |a Prisa - |x Tema Principal | ||
| 700 | |a Sueiro Seoane, Susana |e (autor) | ||
| 910 | |a Fondo General | ||
| 920 | |a Impresos - Libros | ||
| 930 | |a Colección General | ||
| 905 | |a 101 | ||
| 901 | |a 0500116004 |b IT1 |c ACC |u 20250521 | ||
| 902 | |a https://opac.biblio.iteso.mx/vufind/Record/000177511 | ||